000 00679nam a2200181Ia 4500
008 100920s9999 xx 000 0 und d
082 _b107376
_a28 व 891,43 न 09
100 _aइंदुरख्या पराग.
245 _aअकबर बिरबल के किस्से.
260 _bआशिष पब्लिकेशन,जबलपुर.
_c2009
300 _a16
_bसाधी
365 _b25
520 _aबा.वि.हिंदी.
630 _aअकबर बिरबल के किस्से.
650 _aबा.वि.हिंदी.
730 _aअकबर बिरबल के किस्से.
942 _cBOOK
999 _c747800
_d747797